Daniel Balavoine en chansons # 10 - Statistiques

Statistiques générales
  • Ce quiz a été pris 1 638 fois
  • Le résultat moyen est 10 sur 23
Statistiques - réponses
Paroles Chansons % Correct
J'me présente, je m'appelle Henri J'voudrais bien réussir ma vie, être aimé Le chanteur
97%
Petite rue de casbah Au milieu de casa Petite brune enroulée d'un drap Court autour de moi L'Aziza
93%
C'est pour ça qu'aujourd'hui je suis fatigué C'est pour ça qu'aujourd'hui je voudrais crier Je ne suis pas un héros
92%
Oh j'vais tout casser si vous touchez Au fruit de mes entrailles Fallait pas qu'elle s'en aille. Mon fils ma bataille
92%
Quand tout l'monde dort tranquille Dans les banlieues-dortoir C'est l'heure où les zonards descendent sur la ville Quand on arrive en ville
83%
Comme un fou va jeter à la mer Des bouteilles vides et puis espère Qu'on pourra lire à travers Tous les cris les SOS
78%
Pourquoi je vis, pourquoi je meurs Pourquoi je ris, pourquoi je pleure SOS d'un terrien en détresse
77%
Sans poème Sans blesser tous ceux qui l'aiment Être heureux, malheureux Vivre seul ou même à deux Vivre ou survivre
70%
Partir effacer sur le Gange La douleur Pouvoir parler à un ange En douceur Sauver l'amour
53%
Qui ose dire qu'il peut m'apprendre les sentiments Ou me montrer ce qu'il faut faire pour être grand La vie ne m'apprend rien
51%
L'amour te porte dans tes efforts L'amour de tout délie du secret Oh, et face à tous ceux qui te dévorent Aimer est plus fort que d’être aimé
35%
La muraille Tremble et se fend comme un cœur Qui éclate en deux Et la femme Entre dans l'Histoire Dieu que c'est beau
27%
Pour le monde entier un seul royaume Bâton polychrome Pour que les humains ressemblent en vrai Beaucoup plus à l'homme Lipstick polychrome
23%
Tous les hommes te regardent Ils te salissent de leurs yeux C'est la manière dont tu te fardes Qui ressemble à un aveu Toute la ville t'appartient Tu le sais bien Lucie
22%
Mes chaussures Me faisaient mal aux pieds Mes mains si sûres Creusaient encore Vers la liberté Quand ils ont tiré Sur mes idées Lady Marlène
14%
Qu'ici c'est la révolution Que tous les mômes foutent en l'air les poubelles De la région Qu'elle prenne sa bécane, qu'elle sorte de chez elle Petite Angèle
11%
Petite jaune au boulot Courbée l'échine Femme douce vit dans les nuits câlines En bleus de Chine Pour la femme veuve qui s'éveille
11%
Oh soutiens-moi Porte moi a bout de bras Faire l'amour ca sert à ca Soulève-moi
11%
Comme ces enfants de putains qui chantent Les années soixante style Bob Dylan Qui nous refourguent des chansons de rien Juste pour nous piquer nos femmes Vendeurs de larmes
11%
Baisers d'amoureux, baisers langoureux Que le monde est malheureux J'avais rêvé si fort D'un autre décor pour ma mort Dieu Que L'amour Est Triste
7%
Poupées gonflées à l’hydrogène Roulées comme des sirènes Qui s’envolent On peut les trouver à cinq heures Les petits lolos
7%
Et si tu m'aimes Si c'est un problème Je reste quand même Pour te câliner Me laisse pas m’en aller
7%
Tu es éternelle Je le sais depuis longtemps Une fleur pleure au fond de ton coeur Les larmes du temps Belle
4%
Aucun quiz correspondant
Distribution des résultats
% des personnes avec chaque résultat
Percentile par nombre de réponses
Votre historique - résultats
Vous n’avez pas pris ce quiz